| 000 | 00365nam a2200145Ia 4500 | ||
|---|---|---|---|
| 008 | 230312s9999||||xx |||||||||||||| ||und|| | ||
| 020 | _a0-534-41994-1 | ||
| 082 |
_a004 _bSCH-I |
||
| 100 | _aFrancis;Paul | ||
| 245 | 0 | _aModel Driven Architecture with Executable UML | |
| 260 |
_bThomson _aUSA _c2004 |
||
| 300 | _a718 | ||
| 650 |
_aComputer _vComputer |
||
| 942 | _cBK | ||
| 999 |
_c15384 _d15384 |
||